| 000 | 00673nam a2200217Ia 4500 | ||
|---|---|---|---|
| 003 | GCL | ||
| 008 | 140319s9999 xx 000 0 ara d | ||
| 040 |
_aGCL / _cGCL |
||
| 082 | 0 | 4 |
_aق _b813.03 _bى ص |
| 100 | 1 | _aفؤاد دواره | |
| 245 | 1 | 0 |
_aصفحات من تاريخ مصر : المقالات الادبية : 5 / _cفؤاد دواره |
| 700 | 1 | _aيحيى حقى | |
| 300 | _a455 ص | ||
| 490 |
_aمؤلفات يحيى حقى _v0 |
||
| 650 | 0 | 4 | _aمصر |
| 650 | 0 | 4 | _aتاريخ |
| 650 | 0 | 4 | _aالمقالات العربية |
| 650 | 0 | 4 | _aالمقالات المصرية |
| 650 | 0 | 4 | _aالادب العربى - العصر الحديث |
| 942 |
_2ddc _cBK |
||
| 999 |
_c40247 _d40247 |
||